| 000 -CABECERA |
| campo de control de longitud fija |
00838nam a2200265 a 4500 |
| 001 - NÚMERO DE CONTROL |
| campo de control |
000028744 |
| 005 - FECHA Y HORA DE LA ÚLTIMA TRANSACCIÓN |
| campo de control |
20200120222140.0 |
| 008 - DATOS DE LONGITUD FIJA--INFORMACIÓN GENERAL |
| campo de control de longitud fija |
060918s2004 col0 gr0 000 d |
| 020 ## - NÚMERO INTERNACIONAL ESTÁNDAR DEL LIBRO |
| Número Internacional Estándar del Libro |
958-704-088-0 |
| 090 ## - LOCALMENTE ASIGNADO TIPO-LC NÚMERO DE CLASIFICACIÓN (OCLC); NÚMERO DE CLASIFICACIÓN LOCAL (RLIN) |
| Número de clasificación (OCLC) (R) ; Numero de clasificación, CALL (RLIN) (NR) |
AN |
| Número cutter local (OCLC) ; Número de libro/Signatura topográfica íntegra, CALL (RLIN) |
MONl |
| 100 0# - ENTRADA PRINCIPAL--NOMBRE DE PERSONA |
| Nombre de persona |
Montero, Rosa |
| 245 13 - MENCIÓN DE TÍTULO |
| Título |
La loca de la casa / |
| Mención de responsabilidad, etc. |
Rosa Montero. |
| 250 ## - MENCIÓN DE EDICIÓN |
| Mención de edición |
1a. ed. |
| 260 ## - PUBLICACIÓN, DISTRIBUCIÓN, ETC. |
| Lugar de publicación, distribución, etc. |
Bogotá : |
| Nombre del editor, distribuidor, etc. |
Alfaguara, |
| Fecha de publicación, distribución, etc. |
2004. |
| 300 ## - DESCRIPCIÓN FÍSICA |
| Extensión |
271 p. |
| 500 ## - NOTA GENERAL |
| Nota general |
Premio Santillana de Experiencias Educativas 2005. Redescubriendo al Quijote |
| 500 ## - NOTA GENERAL |
| Nota general |
Ej. 1 Biblioteca Mosquera con ISBN 9789588948027 |
| 650 14 - PUNTO DE ACCESO ADICIONAL DE MATERIA--TÉRMINO DE MATERIA |
| Término de materia o nombre geográfico como elemento de entrada |
NOVELA ESPAÑOLA |
| 650 14 - PUNTO DE ACCESO ADICIONAL DE MATERIA--TÉRMINO DE MATERIA |
| Término de materia o nombre geográfico como elemento de entrada |
LITERATURA ESPAÑOLA |
| 650 14 - PUNTO DE ACCESO ADICIONAL DE MATERIA--TÉRMINO DE MATERIA |
| Término de materia o nombre geográfico como elemento de entrada |
FANTASIA |
| 650 14 - PUNTO DE ACCESO ADICIONAL DE MATERIA--TÉRMINO DE MATERIA |
| Término de materia o nombre geográfico como elemento de entrada |
SUEÑOS EN LA LITERATURA |
| 650 14 - PUNTO DE ACCESO ADICIONAL DE MATERIA--TÉRMINO DE MATERIA |
| Término de materia o nombre geográfico como elemento de entrada |
HISTORIAS DE AMOR |
| 901 ## - ELEMENTOS DE DATOS A LOCAL LDA (RLIN) |
| a |
Donación, Santillana 2006, al Colegio Chicalá, Ej. 1 |
| 901 ## - ELEMENTOS DE DATOS A LOCAL LDA (RLIN) |
| a |
Compra, Santillana, 2006, $39.000.00 |